Statistics for Ed Sheeran's billboard top 100 hits

Click here to take the quiz!

General Stats

  • This quiz has been taken 50 times
  • The average score is 12 of 22

Answer Stats

AlbumWeeks on ChartAnswer% Correct
Divide54Shape of You
100%
Multiply58Thinking Out Loud
93%
Divide21Perfect
90%
Divide33Castle On The Hill
88%
Multiply36Don't
73%
Divide1Supermarket Flowers
71%
Multiply30Photograph
68%
Multiply20Sing
68%
Plus16Lego House
66%
Plus33The A Team
66%
Divide5Galway Girl
63%
Divide1Barcelona
61%
Divide2Happier
61%
Divide2Dive
51%
Divide1Eraser
44%
Divide1New Man
39%
Divide1What Do I Know?
39%
Divide2How Would You Feel
37%
Divide1Hearts Don't Break Around Here
27%
Multiply1One
27%
Multiply1Afire Love
10%
Multiply2Make It Rain
2%

Score Distribution

Percentile by Number Answered

Percent of People with Each Score

Your Score History

You have not taken this quiz